Villes du Monde sur une carte par lettre - O - Statistiques

Statistiques générales
  • Ce quiz a été pris 28 518 fois
  • Le résultat moyen est 8 sur 18
Réponses sur la Carte
Les réponses sont colorées sur une échelle allant du rouge au vert en fonction du pourcentage des utilisateurs qui les ont devinées à leur premier essai. Vous pouvez retrouver ces pourcentages ci-dessous.
 
Statistiques - réponses
Villes % Correct
Oslo
89%
Orléans
87%
Ottawa
83%
Orlando
70%
Osaka
70%
Oulan Bator
65%
Oran
61%
Ouagadougou
52%
Oxford
49%
Odessa
38%
Oklahoma City
38%
Okinawa
25%
Ostende
25%
Omsk
13%
Ostrava
10%
Oulu
10%
Oranjestad
8%
Oufa
6%
Aucun quiz correspondant
Distribution des résultats
% des personnes avec chaque résultat
Percentile par nombre de réponses
Votre historique - résultats
Vous n’avez pas pris ce quiz